MARC details
| 000 -LEADER |
| fixed length control field |
01344nam a2200265 a 4500 |
| 008 - FIXED-LENGTH DATA ELEMENTS--GENERAL INFORMATION |
| fixed length control field |
120416s1997 ||||||||||||||||| || u |
| 020 ## - INTERNATIONAL STANDARD BOOK NUMBER |
| International Standard Book Number |
0521581605 |
| 050 ## - LIBRARY OF CONGRESS CALL NUMBER |
| Classification number |
QH 541.15 Res |
| 100 ## - MAIN ENTRY--PERSONAL NAME |
| Personal name |
Webb, Nigel R |
| 245 10 - TITLE STATEMENT |
| Title |
Restoration ecology and sustainable development |
| Statement of responsibility, etc. |
edited by Krystina M. Urbanska, Nigel R. Webb and Peter J. Edwards |
| 260 ## - PUBLICATION, DISTRIBUTION, ETC. |
| Place of publication, distribution, etc. |
Cambridge: |
| Name of publisher, distributor, etc. |
Cambridge University Press |
| Date of publication, distribution, etc. |
1997 |
| 300 ## - PHYSICAL DESCRIPTION |
| Extent |
xv, 397p. : ill. |
| 350 ## - |
| -- |
0.00 |
| 500 ## - GENERAL NOTE |
| General note |
Papers from a conference sponsored by the Swiss Federal Institute of Technology Zurich, and others. -Includes bibliographical references and index. |
| 650 ## - SUBJECT ADDED ENTRY--TOPICAL TERM |
| Topical term or geographic name entry element |
ECOLOGY |
| 650 ## - SUBJECT ADDED ENTRY--TOPICAL TERM |
| Topical term or geographic name entry element |
Restoration ecology--Congresses |
| 650 ## - SUBJECT ADDED ENTRY--TOPICAL TERM |
| Topical term or geographic name entry element |
Restoration ecology--Economic aspects--Congresses |
| 650 ## - SUBJECT ADDED ENTRY--TOPICAL TERM |
| Topical term or geographic name entry element |
SUSTAINABLE DEVELOPMENT--CONGRESSES |
| 700 ## - ADDED ENTRY--PERSONAL NAME |
| Personal name |
Urbanska, Krystyna M |
| 700 ## - ADDED ENTRY--PERSONAL NAME |
| Personal name |
Edwards, Peter J |
| 856 ## - ELECTRONIC LOCATION AND ACCESS |
| Uniform Resource Identifier |
http://www.loc.gov/catdir/description/cam028/96052176.html |
| 856 ## - ELECTRONIC LOCATION AND ACCESS |
| Uniform Resource Identifier |
http://www.loc.gov/catdir/toc/cam025/96052176.html |
| 995 ## - |
| -- |
MAIN LIBRARY OPEN ACCESS |
| -- |
0.00 |
| -- |
740666 |
| -- |
CBU-MAIN LIBRARY (Kitwe) |
| -- |
1 |
| -- |
0.00 |
| -- |
QH 541.15 RES |
| -- |
2 |
| -- |
AVAILABLE |
| -- |
Mar 15, 2010 |
| -- |
740666 |
| -- |
Main Library Open Access Collection |
| 995 ## - |
| -- |
MAIN LIBRARY OPEN ACCESS |
| -- |
0.00 |
| -- |
734556 |
| -- |
CBU-MAIN LIBRARY (Kitwe) |
| -- |
1 |
| -- |
44.95 |
| -- |
QH 541.15 RES |
| -- |
1 |
| -- |
OUT |
| -- |
47983 |
| -- |
Main Library Open Access Collection |
| 999 ## - |
| -- |
80193 |
| -- |
80193 |